00000000nam##2200000za#4500
0019.618217
003CaOODSP
00520210615102703
007ta
008150406|2007||||xxc|||||     f|0| 0 eng|d
020 |a978-0-662-45353-6
040 |aCaOODSP|beng
043 |an-cn---
0861 |aFs22-4/40-2007E
1101 |aCanada. |bDepartment of Fisheries and Oceans.
24514|aThe Channel Darter : |ba species at risk in Ontario
260 |bFisheries and Oceans Canada |cc2007.
300 |a[2]p. : |bcoloured illus., coloured map ; |c22 cm.
4901 |aAquatic species at risk
500 |aThe catalogue number (Fs22-4/40-2007E-PDF) and ISBN (978-0-662-45697-1) for the PDF edition have been incorrectly copied in this print edition.
563 |aProcessed
590 |a09-42|b2009-10-16
77508|tLa fouille-roche gris : |w(CaOODSP)9.627427
7760#|tThe Channel Darter : |w(CaOODSP)9.561889
830#0|aAquatic species at risk.|w(CaOODSP)9.515250
986 |aDFO/2007-1220